00492nam a22001457a 4500003000500000038001800005082000800023100002500031245009700056264003400153300002500187650003700212700003900249856005800288NUST aNusrat Nadeem a200 aSingay, Khurshid Ali aSociology of Killing A Qualitative Study of Mob Lynching in Pakistan/cKhurshid Ali Singay,  aIslamabad;bCIPS NUST;c2022. a240,p;bill;c30,cm. aPhD-Peace and Conflict Studies  aSupervisor: Dr. Ahmed Waqas Waheed u http://10.250.8.41:8080/xmlui/handle/123456789/34808